000 00619nam a2200205Ia 4500
005 20260114155017.0
008 008 250103s9999 xx 000 0 eng d
037 _aTheses
040 _aCRL
_beng
_cCRL
041 _aeng
_2eng
084 _qCRL
100 _aSheikh Ridwan Ah Au.
_9869787
245 0 _aEssays on Intellectual Property Rights and Trade
260 _aDelhi
_bUniversity of Delhi. Faculty of Arts. Deptt. of Modern Indian Languages and Literary Studies
_c2024
300 _a142p.
650 _aEconomics
_9869788
700 _a Kanwar Sunil Gu.
_9869789
942 _cTH
999 _c1469639
_d1469639